• 首页
  • 本馆介绍
  • 公告通知
  • 最新文献
  • 馆藏检索
  • 电子资源
  • 读者导购
  • 参考咨询
  • 我的图书馆
  • 登录
  • 详细信息显示
  • 放入我的书架
  • 预约/预借图书
  • 作者相关作品
  • 分类相关作品
  • 丛书相关作品
  • 出版社相关作品

书目信息

  • 表格格式
  • 工作单格式
  • 卡片格式
题名:
社会保险学
    
 
作者: 任正臣 著
分册:  
出版信息: 北京   社会科学文献出版社  2001
页数: 294页
开本: 20cm
丛书名: 社会工作丛书
单 册:
中图分类: F840.61
科图分类:
主题词: 社会保险--研究--中国
电子资源:
ISBN: 7-80149-537-3
000 00670nam0 2200229 45
001 0212021063
005 20031219104101.6
010    @a7-80149-537-3@dCNY18.00
100    @a20021202d2001 km y0chiy0120 ea
101 0  @achi
105    @a z 000yy
200 1  @a社会保险学@AShe Hui Bao Xian Xue@f任正臣著@FRen Zheng Chen Zhu
210    @a北京@c社会科学文献出版社@d2001
215    @a294页@d20cm
225    @a社会工作丛书@f宋林飞主编
410    @12001 @a社会工作丛书
410    @1700 0@a宋林飞@ASong Lin Fei@4主编
606 0  @a社会保险@x研究@y中国
690    @aF840.61@v4
701  0 @a任正臣@4著
801    @aCN@bTSTC@c20021202
905    @b318202-204@dF840.61@e8@f3
    
    社会保险学/任正臣著.-北京:社会科学文献出版社,2001
    294页;20cm.-(社会工作丛书/宋林飞主编)
    
    
    ISBN 7-80149-537-3:CNY18.00
    
●
相关链接 在E读中查询图书 在五车中查询图书 在当当中查询图书 在豆瓣中查询图书


正题名:社会保险学     索取号:F840.61/8         预约/预借

序号 登录号 条形码 馆藏地/架位号 状态 备注
1 0318202   203182028   第一借阅区/ [索取号:F840.61/8] 在馆    
2 0318203   203182037   第一借阅区/ [索取号:F840.61/8] 在馆    
3 0318204   203182046   第一样本阅览室/ [索取号:F840.61/8] 在馆    
唐山师范学院图书馆 欢迎您!
大连网信软件有限公司© 版权所有